Всеобщая история архитектуры и строительной техники. Ч. 1: История архитектуры и строительной техники Древнего и античного мира (Запись № 11959163)

Подробности
000 -МАРКЕР
контрольное поле 03025nam2a2200361 i 4500
001 - ИДЕНТИФИКАТОР ЗАПИСИ
контрольное поле RU\NLR\BIBL_A\011493689
005 - ИДЕНТИФИКАТОР ВЕРСИИ
контрольное поле 20240921175356.0
010 ## - МЕЖДУНАРОДНЫЙ СТАНДАРТНЫЙ НОМЕР КНИГИ (ISBN)
Номер (ISBN) 9785726416090
Уточнения ч. 1
021 ## - НОМЕР ГОСУДАРСТВЕННОЙ РЕГИСТРАЦИИ
Код страны Российская Федерация
Номер 2017-67848
Номер Листа государственной регистраци 4808
035 ## - ДРУГИЕ СИСТЕМНЫЕ НОМЕРА
Идентификатор записи (RuMoRGB)009387685
035 ## - ДРУГИЕ СИСТЕМНЫЕ НОМЕРА
Идентификатор записи (NLR Aleph) 011493689
100 ## - ДАННЫЕ ОБЩЕЙ ОБРАБОТКИ
Данные общей обработки 20171011d2017 km y0rusy50 ca
101 0# - ЯЗЫК РЕСУРСА
Язык текста, звукозаписи и т.д. русский
102 ## - СТРАНА ПУБЛИКАЦИИ ИЛИ ПРОИЗВОДСТВА
Страна публикации Российская Федерация
105 ## - ПОЛЕ КОДИРОВАННЫХ ДАННЫХ: ТЕКСТОВЫЕ МАТЕРИАЛЫ, МОНОГРАФИЧЕСКИЕ
Кодированные данные о монографическом текстовом документе ab||j|||000zy
200 1# - ЗАГЛАВИЕ И СВЕДЕНИЯ ОБ ОТВЕТСТВЕННОСТИ
Основное заглавие История архитектуры и строительной техники Древнего и античного мира
210 ## - ПУБЛИКАЦИЯ, РАСПРОСТРАНЕНИЕ И ДР.
Дата издания, распространения и т.д. 2017
215 ## - ФИЗИЧЕСКАЯ ХАРАКТЕРИСТИКА
Специфическое обозначение материала и объем 189 с., [42] л. цв. ил., к.
Другие сведения о физической характеристике ил.
320 ## - ПРИМЕЧАНИЯ О НАЛИЧИИ В ДОКУМЕНТЕ БИБЛИОГРАФИИ / УКАЗАТЕЛЯ
Текст примечания Библиогр.: с. 187-189 и в подстроч. примеч.
320 ## - ПРИМЕЧАНИЯ О НАЛИЧИИ В ДОКУМЕНТЕ БИБЛИОГРАФИИ / УКАЗАТЕЛЯ
Текст примечания Др. кн. авт. на 4-й с. обл.
461 #0 - УРОВЕНЬ НАБОРА
Встроенное поле 001RU\NLR\BIBL_A\011498346
-- 2000#$aВсеобщая история архитектуры и строительной техники$eучебник [для обучающихся] по направлению подготовки 07.03.01 Архитектура$e[в 3 т.]$fТ.Р. Забалуева$gМинистерство образования и науки Российской Федерации, Национальный исследовательский Московский государственный строительный университет$vЧ. 1
-- 700#1$aЗабалуева$bТ. Р.$gТатьяна Рустиковна
Системный номер (АБИС) связанной записи 11983463
Автор Забалуева, Т. Р.
Место публикации Москва
Дата публикации 2017
Издание 2-е изд., перераб.
Первые сведения об ответственности Т.Р. Забалуева
Имя издателя, распространителя и т.д. Федеральное государственное бюджетное образовательное учреждение "Национальный исследовательский Московский государственный строительный университет"
Сведения, относящиеся к заглавию учебник [для обучающихся] по направлению подготовки 07.03.01 Архитектура : [в 3 ч.]
Заглавие Всеобщая история архитектуры и строительной техники
ISBN 9785726416083
Номер тома Ч. 1
606 1# - НАИМЕНОВАНИЕ ТЕМЫ КАК ПРЕДМЕТ
Наименование темы Строительное дело
Формальный подзаголовок Учебники для высших учебных заведений
Тематический подзаголовок История
Хронологический подзаголовок Античный период
Системный номер авторитетной/нормативной записи 2342994
Идентификатор авторитетной/нормативной записи RU\NLR\AUTH\6601623744
606 1# - НАИМЕНОВАНИЕ ТЕМЫ КАК ПРЕДМЕТ
Наименование темы Строительное дело
Формальный подзаголовок Учебники для высших учебных заведений
Тематический подзаголовок История
Хронологический подзаголовок Древний период
Системный номер авторитетной/нормативной записи 979580
Идентификатор авторитетной/нормативной записи RU\NLR\AUTH\6649964
606 1# - НАИМЕНОВАНИЕ ТЕМЫ КАК ПРЕДМЕТ
Наименование темы Архитектура
Формальный подзаголовок Учебники для высших учебных заведений
Хронологический подзаголовок Античный период
Системный номер авторитетной/нормативной записи 2341844
Идентификатор авторитетной/нормативной записи RU\NLR\AUTH\6601623218
606 1# - НАИМЕНОВАНИЕ ТЕМЫ КАК ПРЕДМЕТ
Наименование темы Архитектура
Формальный подзаголовок Учебники для высших учебных заведений
Хронологический подзаголовок Древний мир
Системный номер авторитетной/нормативной записи 1025099
Идентификатор авторитетной/нормативной записи RU\NLR\AUTH\6674698
686 1# - ИНДЕКСЫ ДРУГИХ КЛАССИФИКАЦИЙ
Индекс Щ113(0)32я73
686 1# - ИНДЕКСЫ ДРУГИХ КЛАССИФИКАЦИЙ
Индекс Щ113(0)3я73
686 1# - ИНДЕКСЫ ДРУГИХ КЛАССИФИКАЦИЙ
Индекс Н.г(0)3я73-1
942 ## - ДОПОЛНИТЕЛЬНЫЕ ЭЛЕМЕНТЫ ЗАПИСИ (АБИС)
Тип экземпляра АБИС Книга
980 ## - КОЛЛЕКЦИЯ
Название коллекции НБР

Нет доступных экземпляров.